[Event "BCF-chT2 1819 (4NCL) Demotion"]
[Site "England"]
[Date "2019.05.05"]
[Round "10.58"]
[White "Hylands, Liam M"]
[Black "Stimpson, Philip M"]
[Result "0-1"]
[WhiteElo "2080"]
[BlackElo "1933"]
[PlyCount "108"]
[EventDate "2018.11.10"]
[EventType "team-tourn"]
[EventRounds "11"]
[EventCountry "ENG"]
[SourceTitle "EXT 2021"]
[Source "ChessBase"]
[SourceDate "2020.10.23"]
[SourceVersion "1"]
[SourceVersionDate "2020.10.23"]
[SourceQuality "1"]
[WhiteTeam "The ADS"]
[BlackTeam "Guildford III"]
[WhiteTeamCountry "ENG"]
[BlackTeamCountry "ENG"]

1. e4 e5 2. Nf3 Nc6 3. d4 exd4 4. Nxd4 Nf6 5. Nxc6 bxc6 6. e5 Qe7 7. Qe2 Nd5 8. c4 Nb6 9. Nc3 g6 10. Bd2 Bg7 11. 0-0-0 0-0 12. Re1 Ba6 13. b3 Rfe8 14. Kc2 Qxe5 15. Qxe5 Bxe5 16. Be2 d5 17. Bf3 Bb7 18. cxd5 cxd5 19. Rd1 Rad8 20. a4 c6 21. Bc1 Bc8 22. g4 Kg7 23. h3 Nd7 24. Be3 a5 25. Ne2 Ba6 26. Nd4 Rc8 27. Bg2 c5 28. Nf3 d4 29. Nxe5 Nxe5 30. Bd2 c4 31. Bxa5 cxb3+ 32. Kxb3 Rb8+ 33. Bb4 Nd3 34. Rxd3 Bxd3 35. Rd1 Bc2+ 36. Kxc2 Rxb4 37. Ra1 Rc8+ 38. Kd2 Rcc4 39. Bf1 Rxa4 40. Bxc4 Rxa1 41. Kd3 Ra3+ 42. Kxd4 Rxh3 43. Ke5 h5 44. gxh5 gxh5 45. Bf1 Ra3 46. Kf4 Kg6 47. Bg2 Ra4+ 48. Kg3 Kg5 49. Bd5 f5 50. f3 h4+ 51. Kh3 Kf4 52. Bc6 Ra3 53. Kg2 Ra2+ 54. Kh1 Rf2 0-1

[Event "BCF-chT2a 1819 (4NCL)"]
[Site "England"]
[Date "2019.02.10"]
[Round "6.18"]
[White "Phillips, David A"]
[Black "Hylands, Liam M"]
[Result "1/2-1/2"]
[WhiteElo "2031"]
[BlackElo "2087"]
[PlyCount "65"]
[EventDate "2018.11.10"]
[EventType "team-tourn"]
[EventRounds "11"]
[EventCountry "ENG"]
[SourceTitle "EXT 2021"]
[Source "ChessBase"]
[SourceDate "2020.10.23"]
[SourceVersion "1"]
[SourceVersionDate "2020.10.23"]
[SourceQuality "1"]
[WhiteTeam "Spirit of Atticus"]
[BlackTeam "The ADS"]
[WhiteTeamCountry "ENG"]
[BlackTeamCountry "ENG"]

1. Nf3 c5 2. g3 b6 3. Bg2 Bb7 4. c4 g6 5. Nc3 Bg7 6. b3 Nc6 7. Bb2 Nh6 8. 0-0 Nf5 9. e3 0-0 10. a3 e6 11. Qc2 Qe7 12. d3 d6 13. Ne2 Ne5 14. Nd2 Bxg2 15. Kxg2 Qg5 16. Kh1 Qh6 17. Bxe5 Bxe5 18. Rad1 g5 19. d4 cxd4 20. exd4 Bxd4 21. Nxd4 Nxd4 22. Qc3 e5 23. Nf3 Nxf3 24. Qxf3 Qe6 25. Rd5 Rad8 26. Rfd1 f5 27. b4 f4 28. c5 g4 29. Qe2 fxg3 30. fxg3 bxc5 31. bxc5 Rf3 32. Rxd6 Rxd6 33. cxd6 1/2-1/2

[Event "Cotswold op"]
[Site "Cheltenham"]
[Date "2007.05.28"]
[Round "5"]
[White "Hylands, Liam M"]
[Black "Gilmour, Andrew J"]
[Result "0-1"]
[WhiteElo "1888"]
[BlackElo "1904"]
[PlyCount "80"]
[EventDate "2007.05.26"]
[EventType "swiss"]
[EventRounds "6"]
[EventCountry "ENG"]
[SourceTitle "EXT 2008"]
[Source "ChessBase"]
[SourceDate "2007.11.25"]
[SourceVersion "1"]
[SourceVersionDate "2007.11.25"]
[SourceQuality "1"]

1. e4 c5 2. Nf3 d6 3. Nc3 Nf6 4. d4 cxd4 5. Nxd4 g6 6. Be3 Bg7 7. f3 0-0 8. Qd2 Nc6 9. Bc4 Bd7 10. 0-0-0 Rc8 11. Bb3 Na5 12. h4 Nc4 13. Bxc4 Rxc4 14. h5 Qc7 15. Nde2 b5 16. hxg6 fxg6 17. Bh6 Bxh6 18. Qxh6 Rf7 19. Kb1 b4 20. Nd5 Nxd5 21. Rxd5 Rxc2 22. Nd4 Rc5 23. Qe3 e5 24. Rxc5 Qxc5 25. Nc2 Be6 26. Qxc5 dxc5 27. Rd1 Rd7 28. Rxd7 Bxd7 29. Ne3 Be6 30. b3 Kf7 31. Kc2 Ke7 32. Kd3 Kd6 33. Kc2 Kc6 34. Kd3 a5 35. g3 h5 36. f4 exf4 37. gxf4 h4 38. f5 h3 39. Nf1 gxf5 40. exf5 Bxf5+ 0-1

[Event "Cotswold op"]
[Site "Cheltenham"]
[Date "2007.05.27"]
[Round "4"]
[White "James, Russell A"]
[Black "Hylands, Liam M"]
[Result "1-0"]
[WhiteElo "2120"]
[BlackElo "1888"]
[PlyCount "71"]
[EventDate "2007.05.26"]
[EventType "swiss"]
[EventRounds "6"]
[EventCountry "ENG"]
[SourceTitle "EXT 2008"]
[Source "ChessBase"]
[SourceDate "2007.11.25"]
[SourceVersion "1"]
[SourceVersionDate "2007.11.25"]
[SourceQuality "1"]

1. d4 Nf6 2. Nf3 c5 3. d5 b5 4. c4 e6 5. Bg5 Qa5+ 6. Qd2 Qxd2+ 7. Nbxd2 bxc4 8. Bxf6 gxf6 9. e4 Bg7 10. Bxc4 Na6 11. 0-0 Rb8 12. Rab1 0-0 13. Rfc1 d6 14. Bb3 f5 15. Re1 fxe4 16. Nxe4 exd5 17. Bxd5 Nb4 18. Bb3 Bf5 19. Rbd1 Bxe4 20. Rxe4 d5 21. Bxd5 Nxd5 22. Rxd5 Rxb2 23. Rxc5 Rxa2 24. h4 a5 25. h5 a4 26. Rg4 Kh8 27. Ra5 a3 28. Rga4 Ra1+ 29. Kh2 Bb2 30. h6 Rf1 31. Ra8 Bg7 32. hxg7+ Kxg7 33. Rg4+ Kf6 34. Rxf8 a2 35. Rf4+ Ke6 36. Ra8 1-0

[Event "Civil Service op"]
[Site "London"]
[Date "2006.11.12"]
[Round "5"]
[White "Jain, Akash"]
[Black "Hylands, Liam M"]
[Result "1-0"]
[WhiteElo "1728"]
[BlackElo "1888"]
[PlyCount "85"]
[EventDate "2006.11.11"]
[EventType "swiss"]
[EventRounds "5"]
[EventCountry "ENG"]
[SourceTitle "EXT 2008"]
[Source "ChessBase"]
[SourceDate "2007.11.25"]
[SourceVersion "1"]
[SourceVersionDate "2007.11.25"]
[SourceQuality "1"]

1. e4 c5 2. Nf3 Nc6 3. d4 cxd4 4. Nxd4 Nf6 5. Nc3 e5 6. Ndb5 d6 7. Bg5 a6 8. Na3 b5 9. Bxf6 gxf6 10. Nd5 f5 11. exf5 Bxf5 12. c3 Bg7 13. Nc2 0-0 14. Nce3 Be6 15. Bd3 f5 16. Bc2 Ra7 17. Qh5 Qd7 18. g4 Bxd5 19. Nxd5 e4 20. Bb3 Kh8 21. Nf4 Ne5 22. g5 Nd3+ 23. Nxd3 exd3 24. 0-0-0 b4 25. g6 h6 26. Rxd3 bxc3 27. Rxc3 Rc7 28. Rxc7 Qxc7+ 29. Kb1 a5 30. Re1 a4 31. Bxa4 Qc5 32. Qe2 Qd4 33. Qc2 Qf6 34. Be8 d5 35. a3 Qd8 36. Bf7 Qa5 37. Qd1 Qb6 38. Qd2 Qb5 39. Qe2 Qc5 40. Qc2 Qa5 41. Rd1 Rb8 42. Rxd5 Qxa3 43. Rd8+ 1-0

[Event "BCF-chT4 0506 (4NCL)"]
[Site "West Bromwich"]
[Date "2005.11.05"]
[Round "1.4"]
[White "Hylands, Liam M"]
[Black "Horton, Justin"]
[Result "0-1"]
[WhiteElo "1950"]
[BlackElo "2110"]
[PlyCount "62"]
[EventDate "2005.11.05"]
[EventType "team"]
[EventRounds "11"]
[EventCountry "ENG"]
[SourceTitle "CBM 109 Extra"]
[Source "ChessBase"]
[SourceDate "2006.01.03"]
[SourceVersion "2"]
[SourceVersionDate "2006.01.03"]
[SourceQuality "1"]
[WhiteTeam "Athenaeum II"]
[BlackTeam "Guildford IV"]
[WhiteTeamCountry "ENG"]
[BlackTeamCountry "ENG"]

1. e4 e5 2. Nc3 Nf6 3. Bc4 Nc6 4. d3 Bb4 5. Bg5 h6 6. Bh4 g5 7. Bg3 d5 8. exd5 Nxd5 9. Nge2 Bg4 10. Bxd5 Qxd5 11. f3 Be6 12. 0-0 Qd7 13. Ne4 0-0-0 14. a3 Be7 15. b4 f6 16. Qd2 Nd4 17. Nxd4 exd4 18. Nc5 Bxc5 19. bxc5 Qc6 20. Qb4 Rd5 21. Rfe1 Re8 22. Rab1 Bd7 23. Rxe8+ Bxe8 24. Bf2 Rxc5 25. Qxd4 Rxc2 26. Re1 b6 27. h3 Bg6 28. Qg4+ Kb7 29. Re6 Rc1+ 30. Kh2 Qd5 31. f4 Bf5 0-1